000 00684nam a2200289Ia 4500
005 20260324134341.0
008 008 260324s9999 xx 000 0 eng d
020 _a9780429135118
037 _aEBOOK
040 _aCRL
040 _beng
040 _cCRL
041 _2eng
041 _aeng
084 _qCRL
100 _aRichard J. Fleming; James E. Jamison
_91183413
245 0 _aIsometries on Banach Spaces
245 0 _bfunction spaces
260 _bTaylor and Francis
260 _c2002
365 _a
365 _b340
856 _uhttp://www.taylorfrancis.com/books/9780429135118
942 _cEBOOK
999 _c1796500
_d1796500